| 000 | 00377nam a22001457a 4500 | ||
|---|---|---|---|
| 999 |
_c8038 _d8038 |
||
| 003 | OSt | ||
| 005 | 20200626131601.0 | ||
| 008 | 200626b ||||| |||| 00| 0 eng d | ||
| 020 | _a9789881566416 | ||
| 082 |
_a725.51 _bLEV |
||
| 100 | _qLevin Debra | ||
| 245 | _aGeneral hospitals planning & design | ||
| 260 |
_b Design Media Publishing Ltd; _c September 15, 2014 |
||
| 942 | _2ddc | ||